| 000 | 00669nam a22002175a 4500 | ||
|---|---|---|---|
| 005 | 20201124142802.0 | ||
| 008 | 171128r20042001si a fr 000 0 eng d | ||
| 020 | _a9812548637 | ||
| 040 |
_aEG-ScBUE _beng _cEG-ScBUE _dEG-ScBUE |
||
| 082 | 0 | 4 |
_222 _a620.112 _bGER |
| 100 | 1 |
_926026 _aGere, James M. |
|
| 245 | 1 | 0 |
_aMechanics of materials / _cJames M. Gere. |
| 250 | _a5th ed., Reprint ed. | ||
| 260 |
_aSingapore : _bThomson / Brooks Cole, _c2004. |
||
| 300 |
_axviii, 918 p. : _bill. ; _c24 cm. |
||
| 500 | _aReprinted of 2001 ed. | ||
| 650 | 7 |
_2BUEsh _910669 _aStrength of materials. |
|
| 651 | _2BUEsh | ||
| 653 |
_bGGEN _cNovember2017 |
||
| 942 | _2ddc | ||
| 999 |
_c25687 _d25659 |
||